000 00604nam a22001697a 4500
020 _qHard Cover.
082 _a200
100 _a Rizvi Syed Haider Mehdi
245 _aDAMAGE DETECTION USING LAMS WAVE TECHNIQUE FOR STRUCTURAL HEALTH MONITORING. /
_cSyed Haider Mehdi Rizvi.
260 _aKarachi :
_bPNEC - NUST,
_c2018.
300 _a81 p. : ill. ;
_c30cm.
650 _aMS-Mechanical Engineering
700 _aSupervisor: Dr. Salman Nasar.
_9128800
856 _uhttp://10.250.8.41:8080/xmlui/handle/123456789/41361
942 _2ddc
_cSC
999 _c535450
_d535450